[Event "74th ARM-ch Women 2019"]
[Site "Yerevan"]
[Date "2019.01.20"]
[Round "9"]
[White "Gevorgyan, Maria"]
[Black "Mkrtchyan, Anahit D."]
[Result "1-0"]
[WhiteElo "2228"]
[BlackElo "1829"]
[Annotator "ChessBase"]
[PlyCount "167"]
[EventDate "2019.01.12"]
[EventType "tourn"]
[EventCountry "ARM"]
[SourceTitle "playchess.com"]
[Source "ChessBase"]
[SourceQuality "1"]
[TimeControl "40/5400+30:1800+30"]

1. e4 {[%emt 0:00:00]} c6 {[%emt 0:00:00]} 2. d4 {[%emt 0:00:00]} d5 {[%emt 0:00:00]} 3. exd5 {[%emt 0:00:00]} cxd5 {[%emt 0:00:00]} 4. Bd3 {[%emt 0:00:00]} Nc6 {[%emt 0:00:00]} 5. c3 {[%emt 0:00:00]} Nf6 {[%emt 0:00:00]} 6. Bf4 {[%emt 0:00:02]} Bg4 {[%emt 0:00:12]} 7. Qb3 {[%emt 0:00:06]} Qd7 {[%emt 0:00:07]} 8. Nd2 {[%emt 0:00:11]} e6 {[%emt 0:00:12]} 9. Ngf3 {[%emt 0:00:10]} Bxf3 {[%emt 0:01:26]} 10. Nxf3 {[%emt 0:00:07]} Nh5 {[%emt 0:07:15]} 11. Ne5 {[%emt 0:04:51]} Qc7 {[%emt 0:08:15]} 12. Be3 {[%emt 0:08:42]} Bd6 {[%emt 0:02:50]} 13. f4 {[%emt 0:14:02]} f6 {[%emt 0:10:49]} 14. Qd1 {[%emt 0:27:00]} Nxf4 {[%emt 0:04:26]} 15. Bxf4 {[%emt 0:00:07]} fxe5 {[%emt 0:00:36]} 16. dxe5 {[%emt 0:04:17]} Bxe5 {[%emt 0:09:22]} 17. Qh5+ {[%emt 0:10:36]} Qf7 {[%emt 0:00:45]} 18. Qxf7+ {[%emt 0:00:07]} Kxf7 {[%emt 0:00:04]} 19. Bd2 {[%emt 0:02:06]} Ke7 {[%emt 0:00:43]} 20. O-O {[%emt 0:01:39]} h6 {[%emt 0:02:28]} 21. Rfe1 {[%emt 0:05:10]} Rhf8 {[%emt 0:04:22]} 22. Re2 {[%emt 0:00:13]} Bf4 {[%emt 0:06:20]} 23. Be1 {[%emt 0:00:05]} Ne5 {[%emt 0:01:48]} 24. Bc2 {[%emt 0:05:12]} Ng4 {[%emt 0:02:54]} 25. g3 {[%emt 0:00:05]} Be3+ {[%emt 0:00:57]} 26. Kg2 {[%emt 0:00:59]} Bb6 {[%emt 0:03:54]} 27. Bd2 {[%emt 0:00:11]} Rf2+ {[%emt 0:11:06]} 28. Rxf2 {[%emt 0:00:07]} Nxf2 {[%emt 0:00:04]} 29. Re1 {[%emt 0:01:58]} Rf8 {[%emt 0:04:48]} 30. c4 {[%emt 0:00:48]} Nd3 {[%emt 0:03:50]} 31. Bxd3 {[%emt 0:02:54]} Rf2+ {[%emt 0:00:05]} 32. Kh3 {[%emt 0:00:05]} Rxd2 {[%emt 0:00:05]} 33. Bf5 {[%emt 0:02:16]} Kf6 {[%emt 0:00:53]} 34. Bg4 {[%emt 0:00:01]} e5 {[%emt 0:00:35]} 35. cxd5 {[%emt 0:00:33]} Rxd5 {[%emt 0:02:25]} 36. Re2 {[%emt 0:00:39]} Bd4 {[%emt 0:03:54]} 37. Bf3 {[%emt 0:00:23]} Rb5 {[%emt 0:00:28]} 38. b3 {[%emt 0:00:14]} b6 {[%emt 0:04:16]} 39. Be4 {[%emt 0:00:06]} Rc5 {[%emt 0:01:23]} 40. Re1 {[%emt 0:00:00]} Rc7 {[%emt 0:00:00]} 41. Rf1+ {[%emt 0:00:41]} Ke6 {[%emt 0:01:27]} 42. Kg4 {[%emt 0:00:14]} a5 {[%emt 0:07:08]} 43. Kh5 {[%emt 0:18:32]} Ra7 {[%emt 0:06:51]} 44. Kg6 {[%emt 0:06:03]} Rc7 {[%emt 0:00:48]} 45. g4 {[%emt 0:03:28]} Be3 {[%emt 0:01:49]} 46. h4 {[%emt 0:01:33]} Bd4 {[%emt 0:01:06]} 47. Rf3 {[%emt 0:02:04]} Ra7 {[%emt 0:02:05]} 48. g5 {[%emt 0:00:18]} hxg5 {[%emt 0:00:14]} 49. hxg5 {[%emt 0:00:01]} Bb2 {[%emt 0:04:07]} 50. Rf2 {[%emt 0:03:08]} Bd4 {[%emt 0:01:06]} 51. Rc2 {[%emt 0:00:26]} Bc5 {[%emt 0:00:57]} 52. Rc3 {[%emt 0:01:16]} Re7 {[%emt 0:01:30]} 53. Rf3 {[%emt 0:03:34]} Rc7 {[%emt 0:02:21]} 54. Kh7 {[%emt 0:01:53]} Be7 {[%emt 0:06:07]} 55. Rg3 {[%emt 0:01:52]} Bd8 {[%emt 0:00:35]} 56. Kg6 {[%emt 0:00:47]} Be7 {[%emt 0:02:48]} 57. Rd3 {[%emt 0:00:04]} Bb4 {[%emt 0:01:51]} 58. Bf5+ {[%emt 0:00:16]} Ke7 {[%emt 0:00:31]} 59. Kxg7 {[%emt 0:00:07]} Ke8+ {[%emt 0:01:07]} 60. Kg6 {[%emt 0:01:13]} Bf8 {[%emt 0:00:41]} 61. Be4 {[%emt 0:00:17]} Be7 {[%emt 0:00:57]} 62. Kf5 {[%emt 0:00:43]} Kf7 {[%emt 0:00:20]} 63. g6+ {[%emt 0:00:15]} Kg7 {[%emt 0:00:31]} 64. Rh3 {[%emt 0:00:06]} Rc1 {[%emt 0:00:33]} 65. Rh7+ {[%emt 0:01:25]} Kf8 {[%emt 0:00:19]} 66. Rf7+ {[%emt 0:00:05]} Ke8 {[%emt 0:00:24]} 67. Ke6 {[%emt 0:00:06]} Bf8 {[%emt 0:01:00]} 68. Rb7 {[%emt 0:00:43]} Rc8 {[%emt 0:00:34]} 69. g7 {[%emt 0:00:05]} Bxg7 {[%emt 0:00:04]} 70. Rxg7 {[%emt 0:00:04]} Kf8 {[%emt 0:00:23]} 71. Rb7 {[%emt 0:00:04]} Re8+ {[%emt 0:00:25]} 72. Kf6 {[%emt 0:00:05]} a4 {[%emt 0:00:53]} 73. Rxb6 {[%emt 0:00:27]} axb3 {[%emt 0:00:07]} 74. Rxb3 {[%emt 0:00:05]} Rc8 {[%emt 0:00:23]} 75. a4 {[%emt 0:00:13]} Ke8 {[%emt 0:00:11]} 76. a5 {[%emt 0:01:02]} Rc7 {[%emt 0:01:20]} 77. a6 {[%emt 0:00:45]} Ra7 {[%emt 0:00:15]} 78. Rb8+ {[%emt 0:00:20]} Kd7 {[%emt 0:00:11]} 79. Rb7+ {[%emt 0:00:04]} Rxb7 {[%emt 0:00:03]} 80. axb7 {[%emt 0:00:04]} Kc7 {[%emt 0:00:06]} 81. Kxe5 {[%emt 0:00:20]} Kb8 {[%emt 0:00:14]} 82. Kd6 {[%emt 0:00:08]} Ka7 {[%emt 0:00:06]} 83. Kc7 {[%emt 0:00:13]} Ka6 {[%emt 0:00:05]} 84. b8=Q {[%emt 0:00:14]} 1-0

[Event "74th ARM-ch Women 2019"]
[Site "Yerevan"]
[Date "2019.01.20"]
[Round "9"]
[White "Ghukasyan, Siranush"]
[Black "Mkrtchyan, Mariam"]
[Result "1-0"]
[WhiteElo "2226"]
[BlackElo "2098"]
[Annotator "ChessBase"]
[PlyCount "73"]
[EventDate "2019.01.12"]
[EventType "tourn"]
[EventCountry "ARM"]
[SourceTitle "playchess.com"]
[Source "ChessBase"]
[SourceQuality "1"]
[TimeControl "40/5400+30:1800+30"]

1. e4 {[%emt 0:00:00]} c6 {[%emt 0:04:51]} 2. d4 {[%emt 0:00:00]} d5 {[%emt 0:00:06]} 3. Nc3 {[%emt 0:00:00]} dxe4 {[%emt 0:00:06]} 4. Nxe4 {[%emt 0:00:00]} Nf6 {[%emt 0:00:06]} 5. Nxf6+ {[%emt 0:00:03]} exf6 {[%emt 0:00:07]} 6. c3 {[%emt 0:00:03]} Bd6 {[%emt 0:00:11]} 7. Bd3 {[%emt 0:00:23]} O-O {[%emt 0:00:21]} 8. Qc2 {[%emt 0:00:11]} Re8+ {[%emt 0:00:27]} 9. Ne2 {[%emt 0:00:06]} h5 {[%emt 0:00:35]} 10. Be3 {[%emt 0:00:47]} Nd7 {[%emt 0:01:49]} 11. O-O-O {[%emt 0:00:38]} Nf8 {[%emt 0:01:06]} 12. Ng3 {[%emt 0:02:28]} g6 {[%emt 0:06:20]} 13. Ne4 {[%emt 0:01:00]} Be7 {[%emt 0:08:04]} 14. h4 {[%emt 0:08:25]} Qa5 {[%emt 0:13:08]} 15. Kb1 {[%emt 0:00:34]} Be6 {[%emt 0:01:20]} 16. b3 {[%emt 0:01:49]} Qc7 {[%emt 0:06:00]} 17. f3 {[%emt 0:10:51]} f5 {[%emt 0:08:17]} 18. Ng5 {[%emt 0:00:53]} Bd6 {[%emt 0:12:07]} 19. Bc1 {[%emt 0:13:05]} Bd7 {[%emt 0:07:07]} 20. Bb2 {[%emt 0:07:48]} a5 {[%emt 0:03:58]} 21. Rdf1 {[%emt 0:12:22]} Bg3 {[%emt 0:09:37]} 22. Bc1 {[%emt 0:07:48]} Ne6 {[%emt 0:02:03]} 23. Nxe6 {[%emt 0:00:28]} Bxe6 {[%emt 0:00:56]} 24. Bg5 {[%emt 0:00:37]} Kg7 {[%emt 0:01:33]} 25. Bd2 {[%emt 0:01:02]} a4 {[%emt 0:02:45]} 26. b4 {[%emt 0:00:49]} b6 {[%emt 0:01:32]} 27. c4 {[%emt 0:03:00]} Qd8 {[%emt 0:01:30]} 28. Bc3 {[%emt 0:00:12]} Kh7 {[%emt 0:00:20]} 29. Qd2 {[%emt 0:04:32]} Ra7 {[%emt 0:01:37]} 30. Qg5 {[%emt 0:05:11]} f4 {[%emt 0:01:21]} 31. Qxh5+ {[%emt 0:01:06]} Kg8 {[%emt 0:00:20]} 32. Qh6 {[%emt 0:00:45]} Qf6 {[%emt 0:01:38]} 33. Qg5 {[%emt 0:04:53]} Qg7 {[%emt 0:03:50]} 34. h5 {[%emt 0:00:55]} c5 {[%emt 0:00:34]} 35. hxg6 {[%emt 0:04:26]} fxg6 {[%emt 0:00:57]} 36. Qxg6 {[%emt 0:00:30]} Qxg6 {[%emt 0:00:26]} 37. Bxg6 {[%emt 0:00:01]} 1-0

[Event "74th ARM-ch Women 2019"]
[Site "Yerevan"]
[Date "2019.01.20"]
[Round "9"]
[White "Khachatryan, Anna"]
[Black "Gaboyan, Susanna"]
[Result "0-1"]
[WhiteElo "2110"]
[BlackElo "2111"]
[Annotator "ChessBase"]
[PlyCount "124"]
[EventDate "2019.01.12"]
[EventType "tourn"]
[EventCountry "ARM"]
[SourceTitle "playchess.com"]
[Source "ChessBase"]
[SourceQuality "1"]
[TimeControl "40/5400+30:1800+30"]

1. d4 {[%emt 0:00:00]} Nf6 {[%emt 0:00:00]} 2. Bf4 {[%emt 0:00:00]} g6 {[%emt 0:00:00]} 3. Nc3 {[%emt 0:00:00]} Bg7 {[%emt 0:00:53]} 4. e4 {[%emt 0:01:00]} d6 {[%emt 0:00:19]} 5. Qd2 {[%emt 0:00:32]} Nbd7 {[%emt 0:13:27]} 6. O-O-O {[%emt 0:01:47]} h6 {[%emt 0:19:53]} 7. Kb1 {[%emt 0:19:15]} g5 {[%emt 0:08:24]} 8. Be3 {[%emt 0:04:57]} Ng4 {[%emt 0:00:08]} 9. h4 {[%emt 0:10:02]} Nxe3 {[%emt 0:00:13]} 10. fxe3 {[%emt 0:00:05]} Nf6 {[%emt 0:07:03]} 11. hxg5 {[%emt 0:01:22]} hxg5 {[%emt 0:00:08]} 12. Rxh8+ {[%emt 0:00:05]} Bxh8 {[%emt 0:00:02]} 13. Bc4 {[%emt 0:07:21]} e6 {[%emt 0:03:11]} 14. Nh3 {[%emt 0:04:51]} Nd7 {[%emt 0:19:21]} 15. Qe2 {[%emt 0:06:42]} Nb6 {[%emt 0:00:07]} 16. Bb3 {[%emt 0:00:21]} Bd7 {[%emt 0:10:09]} 17. Qh5 {[%emt 0:00:45]} Qf6 {[%emt 0:00:07]} 18. Nxg5 {[%emt 0:18:25]} Ke7 {[%emt 0:07:41]} 19. e5 {[%emt 0:11:12]} dxe5 {[%emt 0:01:48]} 20. dxe5 {[%emt 0:00:03]} Qg6 {[%emt 0:00:43]} 21. Qh4 {[%emt 0:00:30]} Bxe5 {[%emt 0:00:50]} 22. Nxe6+ {[%emt 0:01:12]} Qf6 {[%emt 0:00:06]} 23. Qxf6+ {[%emt 0:05:34]} Kxf6 {[%emt 0:00:06]} 24. Rf1+ {[%emt 0:00:11]} Kg6 {[%emt 0:01:56]} 25. Nf4+ {[%emt 0:00:53]} Kg7 {[%emt 0:00:32]} 26. Nh5+ {[%emt 0:00:26]} Kh6 {[%emt 0:01:12]} 27. Nf6 {[%emt 0:01:16]} Bc8 {[%emt 0:00:29]} 28. Bxf7 {[%emt 0:02:11]} Kg7 {[%emt 0:01:09]} 29. Nfe4 {[%emt 0:00:51]} Bd7 {[%emt 0:00:40]} 30. Bb3 {[%emt 0:00:09]} Bc6 {[%emt 0:00:02]} 31. Rf5 {[%emt 0:01:13]} Re8 {[%emt 0:00:21]} 32. Rg5+ {[%emt 0:01:21]} Kh6 {[%emt 0:00:21]} 33. Bf7 {[%emt 0:00:44]} Re7 {[%emt 0:00:38]} 34. Rg6+ {[%emt 0:00:06]} Kh5 {[%emt 0:00:41]} 35. g4+ {[%emt 0:00:05]} Kh4 {[%emt 0:00:08]} 36. Rh6+ {[%emt 0:00:03]} Kxg4 {[%emt 0:00:11]} 37. Be6+ {[%emt 0:02:16]} Kf3 {[%emt 0:01:16]} 38. Ng5+ {[%emt 0:00:39]} Kxe3 {[%emt 0:00:19]} 39. Nd1+ {[%emt 0:00:31]} Kd2 {[%emt 0:00:48]} 40. Nf2 {[%emt 0:00:00]} Bf4 {[%emt 0:00:00]} 41. Nfh3 {[%emt 0:08:43]} Be3 {[%emt 0:08:56]} 42. Rf6 {[%emt 0:01:32]} Na4 {[%emt 0:03:14]} 43. Rf7 {[%emt 0:04:59]} Rxf7 {[%emt 0:06:41]} 44. Bxf7 {[%emt 0:01:40]} Bg2 {[%emt 0:02:16]} 45. Bh5 {[%emt 0:01:41]} Bxh3 {[%emt 0:10:17]} 46. Nxh3 {[%emt 0:00:04]} Bd4 {[%emt 0:00:27]} 47. Ng5 {[%emt 0:09:12]} Bxb2 {[%emt 0:00:47]} 48. Ne4+ {[%emt 0:00:15]} Ke3 {[%emt 0:00:16]} 49. Be8 {[%emt 0:02:28]} c6 {[%emt 0:02:09]} 50. Nc5 {[%emt 0:01:43]} Nxc5 {[%emt 0:00:15]} 51. Kxb2 {[%emt 0:00:03]} Kd2 {[%emt 0:00:05]} 52. Bg6 {[%emt 0:00:31]} a5 {[%emt 0:00:15]} 53. Bf5 {[%emt 0:01:12]} a4 {[%emt 0:00:56]} 54. a3 {[%emt 0:00:25]} b5 {[%emt 0:02:40]} 55. Bc8 {[%emt 0:02:41]} Ke3 {[%emt 0:01:20]} 56. c4 {[%emt 0:00:57]} bxc4 {[%emt 0:01:00]} 57. Kc3 {[%emt 0:00:03]} Ne4+ {[%emt 0:00:08]} 58. Kxc4 {[%emt 0:01:16]} Nd6+ {[%emt 0:00:05]} 59. Kc5 {[%emt 0:00:01]} Nxc8 {[%emt 0:00:05]} 60. Kxc6 {[%emt 0:00:02]} Kd3 {[%emt 0:00:52]} 61. Kb5 {[%emt 0:00:03]} Nb6 {[%emt 0:00:04]} 62. Kxb6 {[%emt 0:00:03]} Kc4 0-1

[Event "74th ARM-ch Women 2019"]
[Site "Yerevan"]
[Date "2019.01.20"]
[Round "9"]
[White "Avetisyan, Mariam"]
[Black "Grigoryan, Arpine"]
[Result "1-0"]
[WhiteElo "2106"]
[BlackElo "1962"]
[Annotator "ChessBase"]
[PlyCount "71"]
[EventDate "2019.01.12"]
[EventType "tourn"]
[EventCountry "ARM"]
[SourceTitle "playchess.com"]
[Source "ChessBase"]
[SourceQuality "1"]
[TimeControl "40/5400+30:1800+30"]

1. Nf3 {[%emt 0:00:00]} Nf6 {[%emt 0:00:00]} 2. c4 {[%emt 0:00:00]} e6 {[%emt 0:00:25]} 3. g3 {[%emt 0:00:00]} d5 {[%emt 0:00:33]} 4. d4 {[%emt 0:00:50]} Be7 {[%emt 0:02:12]} 5. Bg2 {[%emt 0:00:07]} O-O {[%emt 0:00:18]} 6. O-O {[%emt 0:00:03]} dxc4 {[%emt 0:00:48]} 7. Qc2 {[%emt 0:01:42]} a6 {[%emt 0:01:28]} 8. a4 {[%emt 0:00:07]} Bd7 {[%emt 0:00:34]} 9. Qxc4 {[%emt 0:03:54]} Bc6 {[%emt 0:00:12]} 10. Bf4 {[%emt 0:22:17]} a5 {[%emt 0:11:31]} 11. Nc3 {[%emt 0:03:07]} Na6 {[%emt 0:02:27]} 12. Rfe1 {[%emt 0:06:01]} Ne4 {[%emt 0:34:17]} 13. Rac1 {[%emt 0:11:16]} Bd6 {[%emt 0:12:24]} 14. Ne5 {[%emt 0:29:09]} Bxe5 {[%emt 0:03:49]} 15. Bxe5 {[%emt 0:00:03]} Nxc3 {[%emt 0:02:06]} 16. Bxc6 {[%emt 0:03:24]} Nxe2+ {[%emt 0:00:05]} 17. Qxe2 {[%emt 0:00:13]} bxc6 {[%emt 0:00:05]} 18. Rxc6 {[%emt 0:02:49]} Nb4 {[%emt 0:04:56]} 19. Rxc7 {[%emt 0:01:40]} Nd5 {[%emt 0:00:13]} 20. Qg4 {[%emt 0:01:58]} g6 {[%emt 0:00:05]} 21. Rc5 {[%emt 0:00:58]} Ra6 {[%emt 0:02:45]} 22. Rec1 {[%emt 0:04:55]} f6 {[%emt 0:04:37]} 23. Bf4 {[%emt 0:00:32]} Nxf4 {[%emt 0:00:23]} 24. Qxf4 {[%emt 0:00:04]} Rd6 {[%emt 0:01:45]} 25. Rc8 {[%emt 0:03:11]} Qe7 {[%emt 0:00:19]} 26. R1c7 {[%emt 0:01:51]} Rd7 {[%emt 0:00:05]} 27. Rxd7 {[%emt 0:01:04]} Qxd7 {[%emt 0:00:05]} 28. Rxf8+ {[%emt 0:00:29]} Kxf8 {[%emt 0:00:12]} 29. Qxf6+ {[%emt 0:00:03]} Kg8 {[%emt 0:00:03]} 30. Qe5 {[%emt 0:00:35]} Kf7 {[%emt 0:00:08]} 31. b3 {[%emt 0:00:40]} Qb7 {[%emt 0:00:25]} 32. Qb5 {[%emt 0:01:35]} Qe4 {[%emt 0:00:49]} 33. Qd7+ {[%emt 0:00:52]} Kf6 {[%emt 0:00:39]} 34. Qd8+ {[%emt 0:00:10]} Kf7 {[%emt 0:00:05]} 35. Qc7+ {[%emt 0:00:05]} Kg8 {[%emt 0:00:20]} 36. Qb8+ {[%emt 0:00:05]} 1-0